000 00329nam a22001457a 4500
008 210311b ||||| |||| 00| 0 eng d
020 _a9780871209993
041 _aeng
080 _a37
082 _a37
100 _a46
101 _aEDU
245 _aGetting Results with Curriculum Mapping
_cJacobs, H. H
942 _2udc
_cBK
999 _c56446
_d56446